=LDR 00000nam 2200000 4500 =001 INLIS000000000062064 =005 20230502113956 =035 ##$$a 0010-0523000004 =007 ta =008 230502################g##########0#ind## =020 ##$$a 978-602-00-0783-0 =082 ##$$a 510 =084 ##$$a 510 MAG m =245 1#$$a Magic math 100 : $b Solusi perhitungan rumit tanpa alat apapun hanya dalam detik /$c Tim Magic Math =260 ##$$a Jakarta :$b Elex Media Komputindo,$c 2011 =300 ##$$a 78 hlm ; $c 15 cm =100 #$$a Tim Magic Math =990 ##$$a 21101771